000 00501nam a2200193Ia 4500
003 OSt
005 20251119093730.0
008 210210b1927 xxu||||| |||| 00| 0 eng d
040 _cAL
041 _aKannada
082 _a851/71
100 _aKUMARA VALMIKI
_9149881
_dಕುಮಾರ ವಾಲ್ಮೀಕಿ
245 _aRamayana
_bರಾಮಾಯಣ
260 _aBengaluru
_b-
_c1927
650 _aRamayana
_9149882
690 _aKannada Poetry
_9149883
906 _a018088
942 _2ddc
_cBK
999 _c141220
_d141220